Research in State departments of education, (Record no. 34574)

MARC details
000 -LEADER
fixed length control field 01302cam a22002771 4500
001 - CONTROL NUMBER
control field hew66000004
003 - CONTROL NUMBER IDENTIFIER
control field DLC
005 - DATE AND TIME OF LATEST TRANSACTION
control field 20260227111514.0
008 - FIXED-LENGTH DATA ELEMENTS--GENERAL INFORMATION
fixed length control field 790323s1965 dcu f000 0 eng c
010 ## - LIBRARY OF CONGRESS CONTROL NUMBER
LC control number hew66000004
035 ## - SYSTEM CONTROL NUMBER
System control number (OCoLC)4770230
040 ## - CATALOGING SOURCE
Original cataloging agency U.S. Dept of Health, Education, and Welfare. Library
Transcribing agency NGenoU
Modifying agency OCoLC
-- DLC
042 ## - AUTHENTICATION CODE
Authentication code premarc
050 00 - LIBRARY OF CONGRESS CALL NUMBER
Classification number L111
Item number .A6 1965, no. 26
051 ## - LIBRARY OF CONGRESS COPY, ISSUE, OFFPRINT STATEMENT
Classification number LB1028
Item number .B37
100 1# - MAIN ENTRY--PERSONAL NAME
Personal name Bean, John Ellis,
Dates associated with a name 1926-
245 10 - TITLE STATEMENT
Title Research in State departments of education,
Statement of responsibility, etc. by John E. Bean.
260 ## - PUBLICATION, DISTRIBUTION, ETC.
Place of publication, distribution, etc. [Washington]
Name of publisher, distributor, etc. U.S. Dept. of Health, Education, and Welfare, Office of Education; [for sale by the Superintendent of Documents, U.S. Govt. Print. Off., 1965]
300 ## - PHYSICAL DESCRIPTION
Extent vi, 155 p.
Dimensions 24 cm.
490 0# - SERIES STATEMENT
Series statement United States. Office of Education. Bulletin 1965,
Volume/sequential designation no. 26
500 ## - GENERAL NOTE
General note "OE-23040."
501 ## - WITH NOTE
With note Copies 1 and 2 of L111.A6 with: Curriculum patterns in English / Donald Reuel Tuttle. Washington : U.S. Govt. Print. Off., 1965. Bound together subsequent to publication.
Institution to which field applies DLC
501 ## - WITH NOTE
With note Copy 3 of L111.A6 with Supervision in rural schools / Jane Franseth. Washington : U.S. Govt. Print. Off., 1965. Bound together subsequent to publication.
Institution to which field applies DLC
650 #0 - SUBJECT ADDED ENTRY--TOPICAL TERM
Topical term or geographic name entry element Education
General subdivision Research.
650 #0 - SUBJECT ADDED ENTRY--TOPICAL TERM
Topical term or geographic name entry element State departments of education.

No items available.

Powered by Koha